| 000 | 00747nam a22002537a 4500 | ||
|---|---|---|---|
| 001 | 3364 | ||
| 003 | FISKH | ||
| 005 | 20240229112952.0 | ||
| 008 | 240229b cb ||||| |||| 00| 0 eng d | ||
| 040 |
_aFISK _beng _cFISK _dFISK |
||
| 050 | _aPZ7.H7875 | ||
| 082 | _a823.914 | ||
| 100 |
_aHorowitz Anthony : _d1955 |
||
| 245 |
_aPoint Blank / _cAnthony Horowitz |
||
| 260 |
_aNew York : _bPenguin Group, _c2001 |
||
| 300 |
_a274 pages : _c21 cm : |
||
| 490 | _3Alex Rider | ||
| 501 | _aO | ||
| 520 | _aFourteen-year-old Alex continues his work as a spy for the British MI6, investigating an exclusive school for boys in the French Alps. | ||
| 521 | 8 |
_a670 _bO |
|
| 700 | _aAnthony Horowitz | ||
| 942 |
_2ddc _cBK _n0 |
||
| 999 |
_c3364 _d3364 |
||